Մյունխհաուզենի արկածները : (Record no. 141906)
[ view plain ]
| 000 -LEADER | |
|---|---|
| fixed length control field | 00934nam a2200205 a 4500 |
| 001 - CONTROL NUMBER | |
| control field | 000371321 |
| 003 - CONTROL NUMBER IDENTIFIER | |
| control field | AM-YeHGA |
| 005 - DATE AND TIME OF LATEST TRANSACTION | |
| control field | 20250618072257.0 |
| 008 - FIXED-LENGTH DATA ELEMENTS--GENERAL INFORMATION | |
| fixed length control field | 041020s1934 ai 000 | arm d |
| 040 ## - CATALOGING SOURCE | |
| Original cataloging agency | AM-YeHGA |
| 041 1# - LANGUAGE CODE | |
| Language code of text/sound track or separate title | arm |
| Language code of original | ger |
| 090 ## - LOCALLY ASSIGNED LC-TYPE CALL NUMBER (OCLC); LOCAL CALL NUMBER (RLIN) | |
| -- | 143286 |
| 245 10 - TITLE STATEMENT | |
| Title | Մյունխհաուզենի արկածները : |
| Remainder of title | [Վիպակ] : Փոքրահասակ երեխաների համար / |
| Statement of responsibility, etc. | Ե. Ռասպե; Թարգմ.՝ Հ. Հայրապետյան; Նկ.՝ Գ. Դորե; Վերապատմ.՝ Կ. Չուկովսկի. |
| 260 ## - PUBLICATION, DISTRIBUTION, ETC. | |
| Place of publication, distribution, etc. | Յերևան : |
| Name of publisher, distributor, etc. | Պետհրատ, |
| Date of publication, distribution, etc. | 1934. |
| 300 ## - PHYSICAL DESCRIPTION | |
| Extent | 96 էջ : |
| Other physical details | նկ. ; |
| Dimensions | 25 սմ. |
| 650 14 - SUBJECT ADDED ENTRY--TOPICAL TERM | |
| Topical term or geographic name entry element | Գերմանական մանկական գրականություն |
| General subdivision | Վիպակ |
| 700 1# - ADDED ENTRY--PERSONAL NAME | |
| Personal name | Դորե, Գուստավ. |
| Relator term | նկ. |
| Relationship | art |
| 700 1# - ADDED ENTRY--PERSONAL NAME | |
| Personal name | Չուկովսկի, Կ. |
| Relator term | վերապատմ. |
| Relationship | adp |
| 700 1# - ADDED ENTRY--PERSONAL NAME | |
| Personal name | Հայրապետյան, Հայրապետ Սարդարի, |
| Dates associated with a name | 1874-1962 |
| Relator term | թարգմ. |
| Relationship | trl |
| 9 (RLIN) | 1697 |
| Withdrawn status | Lost status | Damaged status | Not for loan | Collection | Home library | Current library | Date acquired | Total checkouts | Full call number | Barcode | Date last seen | Cost, replacement price | Price effective from | Koha item type | Public note |
|---|---|---|---|---|---|---|---|---|---|---|---|---|---|---|---|
| General | Fundamental Scientific Library | Fundamental Scientific Library | 22/12/2016 | AIII/3944 | FL0070147 | 22/12/2016 | 2.00 | 22/12/2016 | Գրքեր / Books | 30 Days Loan | |||||
| General | Fundamental Scientific Library | Fundamental Scientific Library | 22/12/2016 | AIII/624 | FL0051885 | 22/12/2016 | 22/12/2016 | Գրքեր / Books | 30 Days Loan |
ՀՀ Գիտությունների ազգային ակադեմիայի հիմնարար գիտական գրադարան = Fundamental Scientific Library of NAS RA
All site content, except where otherwise noted, is licensed under a